Там, где правит любовь: роман; пер. с англ.

التفاصيل البيبلوغرافية
المؤلف الرئيسي: Картленд Б. Барбара
اللغة:الروسية
منشور في: Москва, АСТ, 2000
الموضوعات:
التنسيق: MixedMaterials كتاب
KOHA link:https://koha.lib.tpu.ru/cgi-bin/koha/opac-detail.pl?biblionumber=84453

MARC

LEADER 00000nam0a2200000 4500
001 84453
005 20231031100618.0
010 |a 5170030215 
035 |a (RuTPU)RU\TPU\book\90777 
090 |a 84453 
100 |a 20051031d2000 m y0rusy50 ca 
101 1 |a rus  |c eng 
102 |a RU 
105 |a y z 000ay 
200 1 |a Там, где правит любовь  |e роман  |e пер. с англ.  |f Б. Картленд 
210 |a Москва  |c АСТ  |d 2000 
215 |a 268 с. 
610 1 |a английская литература 
610 1 |a романы 
610 1 |a любовные романы 
675 |a 82  |v 3 
700 1 |a Картленд  |b Б.  |g Барбара 
801 1 |a RU  |b 63413507  |c 20051031  |g PSBO 
801 2 |a RU  |b 63413507  |c 20051107  |g PSBO 
942 |c BK